Gartenvögel nach Bildern - Statistiken

Allgemein
  • Dieses Quiz wurde 1.200 mal gespielt
    1.103 seit der letzten Aktualisierung
  • Das Durchschnittsergebnis liegt bei 10 aus 16
Antwortstatistiken
Bildquiz Antwort % Korrekt
A{msel}
99%
K{rähe}
95%
T{ürkentaube}
95%
E{lster}
92%
R{otkehlchen}
91%
S{perling}
88%
B{laumeise}
87%
G{rünspecht}
77%
S{tar}
71%
R{auchschwalbe}
62%
B{achstelze}
39%
R{otschwanz}
36%
G{rünfink}
33%
D{ompfaff}
29%
Z{eisig}
18%
S{tieglitz}
17%
Keine übereinstimmenden Quizze gefunden
Verteilung der Resultate
Anzahl Personen mit jedem Resultat
Perzentil nach korrekt beantworteten Fragen
Ihre Resultats-Entwicklung
Sie haben dieses Quiz seit der letzten Aktualisierung nicht gespielt